Unquiet lives : marriage and marriage breakdown in England, 1660-1800
Αποθηκεύτηκε σε:
| Κύριος συγγραφέας: | |
|---|---|
| Μορφή: | Βιβλίο |
| Γλώσσα: | English |
| Δημοσίευση: |
Cambridge :
Cambridge University Press,
2003
|
| Σειρά: | Cambridge studies in early modern British history
|
| Θέματα: | |
| Ετικέτες: |
Προσθήκη ετικέτας
Δεν υπάρχουν, Καταχωρήστε ετικέτα πρώτοι!
|
MARC
| LEADER | 00000nam a2200000 i 4500 | ||
|---|---|---|---|
| 001 | 1/78005 | ||
| 008 | 080320s2003 eng d | ||
| 020 | |a 0-521-81058-2 | ||
| 035 | |l 10095631 | ||
| 040 | |a GR-MY-UA |b gre |e aacr | ||
| 041 | 0 | |a eng | |
| 082 | 0 | |a 306.810942 |2 (22) | |
| 100 | 1 | |a Bailey, Joanne |c Dr. | |
| 245 | 1 | 0 | |a Unquiet lives : |b marriage and marriage breakdown in England, 1660-1800 / |c Joanne Bailey |
| 260 | |a Cambridge : |b Cambridge University Press, |c 2003 | ||
| 300 | |a xii, 244 σ.; |b εικ.; |c 24 εκ. | ||
| 490 | 1 | |a Cambridge studies in early modern British history | |
| 504 | |a Βιβλιογραφία: σ. 223-240 | ||
| 504 | |a Ευρετήριο: σ. 241-244 | ||
| 650 | 0 | 0 | |a Marriage |z England |x History |x Sources. |
| 650 | 0 | 0 | |a Domestic relations |z England |x History |y Sources. |
| 650 | 0 | 0 | |a Divorce |z England |x History |x Sources. |
| 830 | 0 | |a Cambridge studies in early modern British history | |
| 852 | |a INST |b LESVOS |e 20080320 |h 306.810942 BAI |p 005100039404 |q 005100039404 |t BK |y 0 | ||
| 901 | |a BIBL1-2008-1 | ||
| 909 | |a Λ |b 143136 | ||
| 922 | |a 1ΕΛΗ |b 200712 |c ΕΠΕΑΕΚ2/ΤΚΑ |d ΠΑΠΑΣΩΤΗΡΙΟΥ | ||
| 970 | |a ΚΑΡΑ |b ΓΙΑΣΕΜΗ |z 2008/03/20 | ||